| 000 | 00000nam 2200000za 4500 |
| 001 | 9.579041 |
| 003 | CaOODSP |
| 005 | 20230131161133 |
| 007 | cr ||||||||||| |
| 008 | 150406s2004||||xxcabo|fo f000 0 eng d |
| 020 | |q(paper) |z0-660-18804-X |
| 040 | |aCaOODSP|beng |
| 043 | |an-cn-nu |
| 086 | 1 |aM42-574E-PDF |
| 245 | 00|aGeology of eastern Prince of Wales Island and adjacent smaller islands, Nunavut |h[electronic resource] : |bparts of NTS 68D, Baring Channel and 68A, Fisher Lake / |cU. Mayr, ... [et al.]. |
| 260 | |aOttawa : |bNatural Resources Canada : |bGeological Survey of Canada,|c2004. |
| 300 | |a99 p. : |bfigs. (some coloured), graphs, maps (some coloured), photographs |
| 490 | 1 |aBulletin / Geological Survey of Canada |v574 |
| 500 | |aA-series map 2016A also catalogued separately (see Cat. number M48-2016AE-PDF). |
| 500 | |aThe catalogue number (M42-574E) and ISBN (0-660-18804-X) for the print edition have been copied in this electronic publication. |
| 504 | |aIncludes bibliographical references. |
| 546 | |a(Résumé et Sommaire en français). |
| 590 | |a14-05-Supp|b2014-02-26 |
| 690 | 07|aGeology|2gcpds |
| 690 | 07|aNorthern Canada|2gcpds |
| 700 | 1 |aMayr, U. |
| 710 | 2 |aGeological Survey of Canada. |
| 776 | 0#|tGeology of eastern Prince of Wales Island and adjacent smaller islands, Nunavut / |w(CaOODSP)9.617177 |
| 830 | #0|aBulletin (Geological Survey of Canada)|v574|w(CaOODSP)9.504778 |
| 856 | 40|ahttp://publications.gc.ca|qPDF|s74 MB|uhttps://publications.gc.ca/Collection-R/GSC-CGC/M42E/574/GSC_B574.pdf|y574 |